00729cam a2200229 a 450000100090000000300040000900500170001300800410003001000170007102000290008804000180011705000220013508200160015710000200017324500830019325000120027626000650028830000340035350400510038765000270043870000340046515646205OSt20150408114024.0090304s2009 enka b 001 0 eng  a 2009285930 a9780521866750 (hardback) aDLCcDLCdDLC00aTA403b.M554 200900a620.1122221 aMeyers, Marc A.10aMechanical behavior of materials /cMarc André Meyers, Krishan Kumar Chawla. a2nd ed. aCambridge ;aNew York :bCambridge University Press,cc2009. axxii, 856 p.:bill. ;c26 cm. aIncludes bibliographical references and index. 0aStrength of materials.1 aChawla, Krishan Kumar,d1942-